000 00727nam a2200241Ia 4500
003 OSt
005 20220923222531.0
006 a|||||r|||| 00| 0
007 ta
008 220922b |||||||| |||| 00| 0 hin d
024 _a205,715
037 _cTextual
040 _aARTS
_cARTS
_bhin
041 _2hin
_ahin
082 _aP, 152L3(RSN)
100 _aतिवारी, भोलानाथ
_9156271
245 0 _aभाषा विज्ञान
246 _aBhāṣhā vijnyāna
260 _aइलाहाबाद
_b किताबमहल
_c1973
300 _a576पृ.
_ccm.
942 _hP, 152L3(RSN)
_cTEXL
_2CC
999 _c356394
_d356394